000 00454nam a22001691a 4500
082 _a398.209 548 7
_bMAR/Y
100 _aMartha Bush Ashton
245 _aYaksagaana:
_bA dance drama of India/
_cby Martha Bush Ashton
260 _aNew Delhi:
_bAbhinav,
_c1977.
300 _a108p.
650 _aFolk Literature Yaksagana
650 _aFolklore Karnataka
650 _aFolklore
650 _aSocial Sciences
700 _aBruce Christie
942 _cBK
999 _c51569
_d51569